000 00604nam a2200121Ia 4500
008 220615s9999||||xx |||||||||||||| ||und||
245 0 _aReligion and Nationalism in Chinese Societies
546 _aEnglish[eng]
650 _aTheology & Religion||Buddhism||China||Communist Party of China||Confucianism||History of China||Nationalism||Taiwan||Taoism
700 _aKuo, C.T.
856 _uhttps://library.oapen.org/bitstream/20.500.12657/30533/1/645373.pdf||https://library.oapen.org/bitstream/20.500.12657/30533/1/645373.pdf||https://library.oapen.org/bitstream/20.500.12657/30533/1/645373.pdf
942 _cEB
999 _c7740
_d7740